|
|
|
|
| LEADER |
00000cam a2200000 i 4500 |
| 001 |
1/84812 |
| 008 |
050905s1971 gr | ||| |||| ||gre|| |
| 035 |
|
|
|l 10080114
|
| 040 |
|
|
|a GR-MyUa
|b gre
|e AACR2
|
| 041 |
1 |
|
|a gre
|h eng
|
| 082 |
7 |
|
|a 370.1
|2 (22)
|
| 100 |
1 |
|
|a Illich, Ivan,
|d 1926-2002.
|
| 245 |
1 |
0 |
|a Κοινωνία χωρίς σχολεία /
|c Ivan Illich ; μετάφραση Βασίλης Αντωνόπουλος, Δημήτρης Ποταμιάνος.
|
| 260 |
|
|
|a Αθήνα :
|b Βέργος,
|c 1971.
|
| 300 |
|
|
|a 163 σ. ;
|c 20 εκ.
|
| 500 |
|
|
|a Με: Ο Άνθρωπος στις δύο κρίσιμες ηλικίες του / Λούλα Α. Διδίκα. - Τα γράμματα στ' Αφάντου στα χρόνια της σκλαβιάς / Εμμ. Δαν. Μπακίρης. - Συζητήσεις γύρω απο τα θέματα της παιδείας / Χ. Ποταμιάνου. - Ουμανισμός και χριστιανισμός / Π. Ι. Μπρατσιώτου
|
| 500 |
|
|
|a Τίτλος πρωτοτύπου: Deschooling society.
|
| 650 |
|
0 |
|a Education
|x Philosophy.
|
| 852 |
|
|
|a INST
|b RHODES
|c KRI
|e 20050905
|h 370.1 ILL
|p 005400028423
|q 005400028423
|t BK
|y 0
|
| 901 |
|
|
|a BIBL4-2005-3
|
| 970 |
|
|
|a ΣΙΔΕΡΗ
|b ΝΕΚΤΑΡΙΑ
|z 2005/09/06
|